000 00593cam a22002053a 4500
001 19873
003 PGUSA
005 20140828083424.0
008 061120s2006||||xxu|||||s|||||000 | eng d
040 _aPGUSA
_beng
042 _adc
100 1 _aHögman, Aukusti
245 1 0 _aMerimiehen matkamuistelmia II :
_bMaalla ja merellä
_h[electronic resource] /
_cAukusti Högman
260 _bProject Gutenberg,
_c2006
506 _aPublic domain in the USA.
516 _aElectronic text
830 0 _aProject Gutenberg
_v19873
856 4 0 _uhttp://www.gutenberg.org/ebooks/19873
942 _cEB
999 _c249128
_d249128